|
|
|
|
| LEADER |
00000cam a2200000 7i4500 |
| 001 |
0000028450 |
| 005 |
20241122.0 |
| 008 |
190419 my may |
| 020 |
|
|
|a 9789671155523
|
| 040 |
|
|
|a INS
|b eng
|e rda
|
| 090 |
0 |
0 |
|a BP188
|b E16 2015
|
| 245 |
0 |
0 |
|a Menelusuri CINTA
|c Edited by Ebit Lew, Rahman Lew
|
| 264 |
|
1 |
|a Bandar Baru Bangi, Selangor :
|b Transform Publication
|c 2015
|
| 300 |
|
|
|a 406 pages ;
|c 21 cm.
|
| 336 |
|
|
|a text
|2 rdacontent
|
| 337 |
|
|
|a unmediated
|2 rdamedia
|
| 338 |
|
|
|a volume
|2 rdacarrier
|
| 650 |
|
0 |
|a Religious life
|x Islam
|
| 700 |
0 |
|
|a Ebit Lew ,
|e editor
|
| 700 |
0 |
|
|a Rahman Lew ,
|e editor
|
| 999 |
|
|
|a 1000003697
|b BOOK
|c Open Shelf
|e Default branch
|